Normal view MARC view

Entry Personal Name

Number of records used in: 2

001 - CONTROL NUMBER

  • control field: 85933

003 - CONTROL NUMBER IDENTIFIER

  • control field: dpl

005 - DATE AND TIME OF LATEST TRANSACTION

  • control field: 20251208165024.0

008 - FIXED-LENGTH DATA ELEMENTS

  • fixed length control field: 251208|| aca||aabn | a|a d

040 ## - CATALOGING SOURCE

  • Original cataloging agency: dpl
  • Transcribing agency: dpl

100 ## - HEADING--PERSONAL NAME

  • Personal name: पाण्डेय, कमलेश

670 ## - SOURCE DATA FOUND

  • Source citation: Work cat.: (dpl)209932: पाण्डेय, कमलेश, भारत का वीर योध्दा महाराणा प्रताप/, 2024

© Delhi Public Library
Hit Counter
free hit counter